| 000 | 00491nam a2200169 a 4500 | ||
|---|---|---|---|
| 005 | 20230512063641.0 | ||
| 008 | 991125s1978 mx 000 0 spa u | ||
| 035 | _aUPN01000054108 | ||
| 049 | _aCG | ||
| 050 | 4 |
_aF1216 _bS3.8 |
|
| 100 | 1 |
_aSalinas, Miguel, _d1858-1938 _929898 |
|
| 245 | 1 | 0 |
_aSitios pintorescos de México / _cMiguel Salinas. |
| 260 |
_aMéxico : _bCosmos, _c1978. |
||
| 300 | _a280 p., [16] h. de láms. | ||
| 651 | 4 |
_aMéxico _xDescripción y viajes _910016 |
|
| 905 | _aLibro | ||
| 999 |
_c54108 _d54108 |
||